Toxicological chemistry and biochemistry. (Record no. 7357)
[ view plain ]
| 000 -LEADER | |
|---|---|
| fixed length control field | 00858nam a22002657a 4500 |
| 003 - CONTROL NUMBER IDENTIFIER | |
| control field | OSt |
| 005 - DATE AND TIME OF LATEST TRANSACTION | |
| control field | 20211008163028.0 |
| 008 - FIXED-LENGTH DATA ELEMENTS--GENERAL INFORMATION | |
| fixed length control field | 211008b ||||| |||| 00| 0 eng d |
| 020 ## - INTERNATIONAL STANDARD BOOK NUMBER | |
| International Standard Book Number | 9781566706186 |
| 040 ## - CATALOGING SOURCE | |
| Transcribing agency | NLM |
| 082 ## - DEWEY DECIMAL CLASSIFICATION NUMBER | |
| Classification number | QV 600 M312 |
| 100 ## - MAIN ENTRY--PERSONAL NAME | |
| Personal name | Manahan, Stanley E |
| 9 (RLIN) | 15073 |
| 245 ## - TITLE STATEMENT | |
| Title | Toxicological chemistry and biochemistry. |
| 250 ## - EDITION STATEMENT | |
| Edition statement | Third edition |
| 260 ## - PUBLICATION, DISTRIBUTION, ETC. (IMPRINT) | |
| Place of publication, distribution, etc. | Boca Raton, Fla. : |
| Name of publisher, distributor, etc. | Lewis Pub., |
| Date of publication, distribution, etc. | ©2003 |
| 300 ## - PHYSICAL DESCRIPTION | |
| Extent | 425 pages : |
| Other physical details | illustrations ; |
| Dimensions | 26 cm |
| 504 ## - BIBLIOGRAPHY, ETC. NOTE | |
| Bibliography, etc | Includes bibliographical references and index. |
| 650 ## - SUBJECT ADDED ENTRY--TOPICAL TERM | |
| Topical term or geographic name as entry element | Toxicological chemistry . |
| 9 (RLIN) | 15074 |
| 650 ## - SUBJECT ADDED ENTRY--TOPICAL TERM | |
| Topical term or geographic name as entry element | Chemistry Techniques, Analytical |
| 9 (RLIN) | 15075 |
| 650 ## - SUBJECT ADDED ENTRY--TOPICAL TERM | |
| Topical term or geographic name as entry element | Environmental Pollutants -- analysis |
| 9 (RLIN) | 15076 |
| 650 ## - SUBJECT ADDED ENTRY--TOPICAL TERM | |
| Topical term or geographic name as entry element | Toxicology |
| 9 (RLIN) | 9469 |
| 650 ## - SUBJECT ADDED ENTRY--TOPICAL TERM | |
| Topical term or geographic name as entry element | Environmental chemistry . |
| 9 (RLIN) | 4192 |
| 650 ## - SUBJECT ADDED ENTRY--TOPICAL TERM | |
| Topical term or geographic name as entry element | Biochemical toxicology. |
| 9 (RLIN) | 15077 |
| 942 ## - ADDED ENTRY ELEMENTS (KOHA) | |
| Source of classification or shelving scheme | Other/Generic Classification Scheme |
| Koha item type | Book |
| Withdrawn status | Lost status | Source of classification or shelving scheme | Damaged status | Not for loan | Home library | Current library | Date acquired | Source of acquisition | Inventory number | Total Checkouts | Full call number | Barcode | Date last seen | Price effective from | Koha item type |
|---|---|---|---|---|---|---|---|---|---|---|---|---|---|---|---|
| Other/Generic Classification Scheme | MUST Main Library | MUST Main Library | 08/10/2021 | Purchase | 21/41527 | QV 600 M312 | 2021-1461 | 08/10/2021 | 08/10/2021 | Book | |||||
| Other/Generic Classification Scheme | MUST Main Library | MUST Main Library | 08/10/2021 | Purchase | 21/41528 | QV 600 M312 | 2021-1462 | 08/10/2021 | 08/10/2021 | Book | |||||
| Other/Generic Classification Scheme | MUST Main Library | MUST Main Library | 01/08/2022 | Purchase | 22/42012 | QV 600 M312 | 2022-0708 | 01/08/2022 | 01/08/2022 | Book |
